banner koha

Production and quality of Cinnamomum zeylanicum Blumeseedlings cultivated in nutrient solution (Registro n. 339913)

MARC details
000 -LÍDER
fixed length control field 04273nab a2200289 4500
003 - CÓDIGO MARC DA AGÊNCIA CATALOGADORA
Campo de controle BR-BrBNA
005 - DATA E HORA DA ÚLTIMA ATUALIZAÇÃO
Campo de controle 20260123190414.0
008 - CAMPO DE TAMANHO FIXO
fixed length control field 260123b2016 bl.qr|pooa||| 00| 0 eng |
040 ## - FONTE DA CATALOGAÇÃO
Agência catalogadora BR-BrBNA
Idioma da catalogação eng
072 ## - CATEGORIA AGRIS
Código AGRIS F04
Código do objeto 2240
100 ## - ENTRADA PRINCIPAL - NOME PESSOAL
Nome pessoal Smiderle, Oscar José
100 ## - ENTRADA PRINCIPAL - NOME PESSOAL
Nome pessoal Souza, Aline das Graças
245 ## - TÍTULO PRINCIPAL
Título principal Production and quality of Cinnamomum zeylanicum Blumeseedlings cultivated in nutrient solution
500 ## - NOTA GERAL
Nota geral <br/><br/>Publicação online; 27 ref.; 3 illus.; 3 tables; Summaries (En, Pt)
942 ## - ADDED ENTRY ELEMENTS (KOHA)
Koha item type Analítica
520 ## - NOTA DE RESUMO
Nota de conteúdo <br/><br/><br/>ABSTRACT - Brazil imports great amounts of C. zeylanicum from different countries, both barks and essential oil, given the absence of commercial cultivation of this spice in the country. Hence, due to the need of studying and indicating adequate mineral fertilizers in the production of C. zeylanicum seedlings, this work intended to investigate the effect of adding different concentrations of the complete nutrient solution in the production of high-quality seedlings with potential for commercial purposes. The experimental design used was completely randomized in the split-plot scheme and ten evaluations. In the plots, we evaluated the effect of the concentrations (T1 - 0%, T2 - 25%; T3 - 50%; T4 - 75%; T5 - 100%) of the nutrient solution during the growth period and in the sub-plots, the evaluation periods was evaluated monthly. Both growth characteristics (height, stem diameter and dry matter of shoots and roots) and quality parameters of the seedlings (Dickson index) was assessed. The nutrient solution at the concentration of 75% provides height and stem diameter growth and increased indices of Dickson quality, shoot dry matter, root dry matter and total dry matter, being suitable for the production of C. zeylanicum seedlings. C. zeylanicum seedlings have low nutrient requirements; thus, the concentration of 100% of the nutrient solution characterizes luxury consumption. <br/><br/><br/><br/>Key words: Dickson index, Lauraceae, plant nutrition
520 ## - NOTA DE RESUMO
Nota de conteúdo <br/><br/><br/>RESUMO - O Brasil importa de diferentes países grandes quantidades de Cinnamomum zeylanicum Blume (sin. C. verum) conhecida como canela do Ceilão tanto cascas quanto óleo essencial, dada à ausência de cultivo comercial desta especiaria no País. Assim, em razão da necessidade de estudar e indicar fertilizantes minerais adequados na produção de mudas C. zeylanicum, objetivou-se verificar o efeito da adição de diferentes concentrações de solução nutritiva completa na produção de mudas de alta qualidade com potencial para exploração comercial. O delineamento experimental utilizado foi o inteiramente casualizado em esquema de parcelas subdivididas e dez avaliações. Avaliou-se nas parcelas o efeito das concentrações T1 - 0%; T2 - 25%; T3 - 50%; T4 - 75%; T5 - 100% da solução nutritiva (macro e micronutrientes), durante a fase de crescimento e nas sub parcelas, dez avaliações mensais. Foram avaliadas características de crescimento (altura, diâmetro de caule e massa seca da parte aérea e radicular) e parâmetros de qualidade de mudas (relação massa seca da parte aérea/massa seca de raiz, massa seca total e índice de Dickson). A solução nutritiva nas concentrações de 50 e 75% proporcionam crescimento em altura, diâmetro do caule e maiores índice de qualidade de Dickson, massa seca da parte aérea, massa seca do sistema radicular e massa seca total, sendo indicado para a produção de mudas de C. zeylanicum. As mudas de C. zeylanicum tem baixo requerimento nutricional, sendo que a concentração de 100% da solução nutritiva não é indicada para produção de mudas de C. zeylanicum. <br/><br/><br/><br/>Palavras-chave: índice de Dickson, Lauraceae, nutrição de plantas
650 ## - ASSUNTO - THESAGRO
Cabeçalho tópico ou nome geográfico CANELA
650 ## - ASSUNTO - THESAGRO
Cabeçalho tópico ou nome geográfico PLANTA AROMÁTICA
650 ## - ASSUNTO - THESAGRO
Cabeçalho tópico ou nome geográfico MUDA
650 ## - ASSUNTO - THESAGRO
Cabeçalho tópico ou nome geográfico NUTRIÇÃO VEGETAL
650 ## - ASSUNTO - THESAGRO
Cabeçalho tópico ou nome geográfico CRESCIMENTO
650 ## - ASSUNTO - THESAGRO
Cabeçalho tópico ou nome geográfico QUALIDADE
773 0# - ENTRADA ANALÍTICA
Host Biblionumber 4656
Registro do item 359957
Imprenta Recife-PE Universidade Federal Rural de Pernambuco 2006
Outro identificador 2026-0347
Título Revista Brasileira de Ciências Agrárias (Brazil)
ISSN 1981-1160
Colação v. 11(2) p. 104-110; (2016)
Número de controle de registro BR2025005499
856 ## - ACESSO E ENDEREÇO ELETRÔNICO
Identificador uniforme de recurso - URI http://www.agraria.pro.br/ojs32/index.php/RBCA/article/view/v11i2a5364/507

Nenhum exemplar disponível.

BINAGRI

Telefone: (61)3218-2567/2388/3357/2097 - binagri@agro.gov.br

Ministério da Agricultura e Pecuária , Esplanada dos Ministérios, Bloco D, Anexo B, Brasília/DF, CEP: 70.043-900